00340nam a2200133Ia 4500008004100000020001500041041001200056082001600068100001700084245004600101260003500147300000800182650001600190221030s9999 xx 000 0 und d a9814033464 aEnglish a105.23bNil aN. J. Nilson 0aArtificial Intelligence : A New Synthesis bHarcourt AsiaaSingaporec2000 a513 aBE Computer